| 000 | 00745nam a2200229 a 4500 | ||
|---|---|---|---|
| 001 | 000020168 | ||
| 005 | 20260305073956.0 | ||
| 008 | 100726s2006 dr 000 0 spa d | ||
| 040 |
_aDO-SdBNP _bspa _cBNPHU |
||
| 082 |
_axxx _bF363d |
||
| 100 | 1 |
_aFernández, Leonel, _d1953- _97291 |
|
| 245 | 1 | 0 |
_aDemocracia y gobernabilidad / _cLeonel Fernández Reyna, Fernando Gamarra, Marcos Villamán. |
| 260 |
_aSanto Domingo : _bCONARE, _c2006. |
||
| 300 |
_a40 P. ; _c23 cm. |
||
| 490 | 1 | _aCuadernillos de la Reforma | |
| 500 | _aIncluye notas | ||
| 700 | 1 |
_aGamarra, Fernando _942762 |
|
| 700 | 1 |
_aVillamán, Marcos _9760 |
|
| 710 | 1 |
_aConsejo Nacional de Reforma del Estado _910038 |
|
| 830 | 0 |
_aCuadernillos dela Reforma _942763 |
|
| 049 | _aBNPD | ||
| 999 |
_c19675 _d19675 |
||